Spain Logo Quiz! #1 - Statistics

General Stats
  • This quiz has been taken 100 times
  • The average score is 13 of 24
Answer Stats
Picture Answer % Correct
Zara
92%
Chupa Chups
86%
FC Barcelona
85%
Seat
85%
Telefonica
84%
Camper
81%
BBVA
78%
Santander
74%
Movistar
68%
Repsol
59%
Iberia
49%
Bershka
47%
Joma
45%
Iberdrola
44%
Yoigo
42%
La Caixa
41%
Tous
37%
Mango
33%
Balenciaga
29%
Kelme
29%
Loewe
25%
Spanair
16%
Panda
14%
Adolfo Dominguez
12%
No matching quizzes found
Score Distribution
Percent of People with Each Score
Percentile by Number Answered
Your Score History
You have not taken this quiz